00171nam a2200073Ia 4500008004100000082001700041100001300058245002600071240331s9999 xx 000 0 und d a302.234bMAR aSriram,V 0aMarapai meeria cinema